Statistics for Nearest Cities to Capitals

Click here to take the quiz!

General Stats

  • This quiz has been taken 12 times
  • The average score is 17 of 22

Answer Stats

Distance (KM)Nearest Cities >500,000Capital% Correct
57RotterdamAmsterdam
100%
149LeipzigBerlin
100%
4GizaCairo
100%
247SydneyCanberra
100%
163BirminghamLondon
100%
189NaplesRome
100%
57MarylandWashington, D.C.
100%
53La PlataBuenos Aires
91%
2CuauhtemocMexico City
91%
439MombasaNairobi
91%
119ŁódźWarsaw
91%
493AucklandWellington
91%
273ZaragozaMadrid
82%
13KawaguchiTokyo
82%
27IncheonSeoul
73%
200EskisehirAnkara
64%
47LangfangBeijing
64%
226PeshawarKabul
64%
21SowetoJohannesburg
45%
173TulaMoscow
27%
160KadunaAbuja
18%
4SaleRabat
9%

Score Distribution

Percentile by Number Answered

Percent of People with Each Score

Your Score History

You have not taken this quiz